01497nam a22002297a 4500008004100000020001800041040000800059041000800067100003500075245009500110260003900205300005500244490002800299520063500327610004900962650004201011650006501053653003201118942000801150952009401158999001501252241218b |||||||| |||| 00| 0 eng d a9781802797657 ctbs aeng aBumpus, Jessica924401eauthor aLittle book of Dolce & Gabbanab: the story of the iconic fashion housec/ Jessica Bumpus. aLondon : Welbeck Publishing, 2024. a160 pages : illustrations (chiefly color) ; 19 cm. aLittle books of fashion aElaborate, luxurious and powerful, the Dolce & Gabbana look has always exuded decadent sensuality. With tailoring and corsets, baroque prints and innovative silhouettes, the fashion house's Italian roots sing through their distinctive ensembles in lace, leopard print and florals. Founded by designer duo Domenico Dolce and Stefano Gabbana in 1985, the brand's opulent pieces have been worn by everyone from Naomi Campbell to Jennifer Lopez. Through photographs of over 100 stunning looks alongside captivating expert text, Little Book of Dolce & Gabbana tells the story of one of the most glamorous fashion houses in the world. 0aDolce & Gabbana (Firm : Milan, Italy)924402 0aFashion designzItalyxHistory923718 0aLuxury goods industry zItalyxHistory y20th century924403 aFashion & Luxury Collection 2lcc 00102lcc4070aTBSbTBSd2024-12-18l0oTT505 BUMpB05980r2024-12-18t1w2024-12-18y1 c4440d4440